000 00301nam a22001337a 4500
008 180315b xxu||||| |||| 00| 0 eng d
020 _a9780133072570
041 _aeng
080 _23rd
_a78
100 _a45
101 _aMUZ
245 _aBasic conducting techniques
_cLabuta,J.A
942 _2udc
_cBK
999 _c45106
_d45106